[Event "Kerteminde"]
[Site "Kerteminde"]
[Date "1991.??.??"]
[Round "2"]
[White "Jansa, Vlastimil"]
[Black "Van der Sterren, Paul"]
[Result "1/2-1/2"]
[WhiteElo "2495"]
[BlackElo "2475"]

1.e4 e5 2.Nf3 Nc6 3.Bb5 a6 4.Ba4 Nf6 5.O-O Be7 6.Re1 b5 7.Bb3 d6 8.c3 O-O
9.h3 Nb8 10.d4 Nbd7 11.Nbd2 Bb7 12.Bc2 Re8 13.Nf1 Bf8 14.Ng3 g6 15.a4 c5
16.d5 c4 17.Bg5 h6 18.Be3 Nc5 19.Kh1 Rb8 20.Qd2 h5 21.axb5 axb5 22.Ng5 Bh6
23.f4 h4 24.fxe5 Rxe5 25.Nf3 Bxe3 26.Qxe3 Re8 27.Nxh4 Ng4 28.Qf4 Qxh4 29.Rf1 Nd7
30.Bd1 Nde5 31.Bxg4 Bc8 32.Bxc8 Qxf4 33.Rxf4 Rexc8 34.Ne2 Ra8 35.Rff1 Nd3
36.Nd4 Nf2+ 37.Kh2 Nxe4 38.Nxb5 Rxa1 39.Rxa1 Rb8 40.Ra5 Kg7 41.h4 Rb6 42.Na3 Rxb2
43.Nxc4 Rc2 44.Ra6 Rxc3 45.Nxd6 Nf6 46.g3 Rc5 47.Kh3 Rxd5  1/2-1/2

[Event "URS-ch U26"]
[Site "Kherson"]
[Date "1991.??.??"]
[Round "?"]
[White "Timoshenko, Georgy"]
[Black "Galdunts, Sergey"]
[Result "1-0"]
[WhiteElo "2475"]
[BlackElo "2470"]

1.e4 e5 2.Nf3 Nc6 3.Bb5 a6 4.Ba4 Nf6 5.O-O Be7 6.Re1 b5 7.Bb3 d6 8.c3 O-O
9.h3 Nb8 10.d4 Nbd7 11.Nbd2 Bb7 12.a4 c5 13.Bc2 Qc7 14.Nf1 Rfe8 15.Ng3 g6
16.d5 c4 17.Be3 Nc5 18.Qd2 Bf8 19.Ra3 Nfd7 20.Nh2 h5 21.Ne2 bxa4 22.f3 Nb3
23.Qd1 Ndc5 24.g4 Bc8 25.Nf1 f5 26.exf5 gxf5 27.gxf5 Qf7 28.Neg3 h4 29.Ne4 Bxf5
30.Nh2 Bxh3 31.Kh1 Bf5 32.Rg1+ Kh8 33.Nxc5 Nxc5 34.Bxc5 dxc5 35.Rxa4 Bh6
36.Bxf5 Qxf5 37.Qe1 Ra7 38.Rxc4 Bf4 39.Qe4 Qh3 40.Qe2 Bxh2 41.Qxh2 Qxf3+
42.Qg2 Qxg2+ 43.Rxg2 e4 44.Rxc5 e3 45.Re2 Rf7 46.Rc4 h3 47.Rh4+ Rh7 48.Rf4 h2
49.Rf3 Rg8 50.Rxh2 Rxh2+ 51.Kxh2 Re8 52.Rf1 Rb8 53.Kg3 Rxb2 54.Kf3 e2 55.Re1 Rd2
56.Ke4 a5 57.c4 a4 58.c5 Rc2 59.d6 Kg7 60.d7 Rd2 61.c6  1-0

[Event "URS-ch U26"]
[Site "Kherson"]
[Date "1991.??.??"]
[Round "?"]
[White "Brodsky, Michail"]
[Black "Aleksandrov, Aleksej"]
[Result "1-0"]
[WhiteElo "2310"]
[BlackElo "2370"]

1.e4 e5 2.Nf3 Nc6 3.Bb5 a6 4.Ba4 Nf6 5.O-O Be7 6.Re1 b5 7.Bb3 d6 8.c3 O-O
9.h3 Nb8 10.d4 Nbd7 11.Nbd2 Bb7 12.Bc2 Re8 13.a4 Bf8 14.Bd3 c6 15.b3 g6 16.Ba3 Nh5
17.Qc2 Nf4 18.Bf1 Qc7 19.g3 Ne6 20.Bb2 Bg7 21.b4 Nb6 22.axb5 axb5 23.Rxa8 Rxa8
24.dxe5 dxe5 25.c4 bxc4 26.Nxc4 Nxc4 27.Bxc4 Re8 28.h4 h6 29.Rd1 Bc8 30.Bb3 Ba6
31.Rd2 Bb5 32.Qd1 Nf8 33.Qa1 Nd7 34.Qa2 Nb6 35.Bc3 Bf6 36.Kg2 Kg7 37.Rd1 Re7
38.Qb2 Kh7 39.h5 g5 40.Nh2 Na4 41.Bxa4 Bxa4 42.Rd2 Bg7 43.Ng4 Bb5 44.Ne3 Re8
45.Qb3 Bf8 46.Qd1 Kg8 47.Ng4 Bg7 48.Rd7 Qc8 49.Bxe5 c5 50.Rc7 Qe6 51.Bxg7 Qxe4+
52.Kh2 Kxg7 53.Rxc5 Qxb4 54.Qa1+ Kg8 55.Nxh6+ Kh7 56.Rxg5 Qf8 57.Nf5 f6 58.Rg7+ Qxg7
59.Nxg7 Kxg7 60.Qb1  1-0

[Event "URS-JUG U20"]
[Site "Leningrad"]
[Date "1991.??.??"]
[Round "?"]
[White "Brenjo, Slavisa"]
[Black "Aleksandrov, Aleksej"]
[Result "1/2-1/2"]
[WhiteElo "2320"]
[BlackElo "2370"]

1.e4 e5 2.Nf3 Nc6 3.Bb5 a6 4.Ba4 Nf6 5.O-O Be7 6.Re1 b5 7.Bb3 d6 8.c3 O-O
9.h3 Nb8 10.d4 Nbd7 11.Nbd2 Bb7 12.Bc2 Re8 13.a4 Bf8 14.b4 Nb6 15.a5 Nbd7
16.Bb2 Rb8 17.Rb1 g6 18.Ba1 Ba8 19.c4 bxc4 20.d5 Nxd5 21.exd5 Bxd5 22.Ba4 c6
23.Qe2 Qc7 24.Nh2 Be6 25.Nxc4 Bf5 26.Bc2 Bxc2 27.Qxc2 d5 28.Nb6 Nxb6 29.axb6 Rxb6
30.Ng4 Bg7 31.f4 f6 32.fxe5 fxe5 33.Bxe5 Bxe5 34.Nf6+ Bxf6 35.Rxe8+ Kf7 36.Ree1 Qd6
37.Rf1 Kg7 38.Kh1 Bd8 39.Qc3+  1/2-1/2

[Event "URS-JUG U20"]
[Site "Leningrad"]
[Date "1991.??.??"]
[Round "?"]
[White "Brenjo, Slavisa"]
[Black "Yemelin, Vasily"]
[Result "1/2-1/2"]
[WhiteElo "2320"]
[BlackElo "2385"]

1.e4 e5 2.Nf3 Nc6 3.Bb5 a6 4.Ba4 Nf6 5.O-O Be7 6.Re1 b5 7.Bb3 d6 8.c3 O-O
9.h3 Nb8 10.d4 Nbd7 11.Nbd2 Bb7 12.Bc2 Re8 13.b4 Bf8 14.a4 h6 15.Bb2 c6 16.Rb1 Qc7
17.Ba1 Rad8 18.c4 exd4 19.Nxd4 bxc4 20.Nxc4 Ne5 21.Qe2 Ng6 22.Nf5 Re6 23.Nd4 Ree8
24.Nf5 Re6 25.Nd4  1/2-1/2

[Event "Leon"]
[Site "Leon"]
[Date "1991.??.??"]
[Round "?"]
[White "Sion Castro, Marcelino"]
[Black "Bass, Leonid"]
[Result "1/2-1/2"]
[WhiteElo "2410"]
[BlackElo "2495"]

1.e4 e5 2.Nf3 Nc6 3.Bb5 a6 4.Ba4 Nf6 5.O-O Be7 6.Re1 b5 7.Bb3 d6 8.c3 O-O
9.h3 Nb8 10.d4 Nbd7 11.Nbd2 Bb7 12.Bc2 Re8 13.Nf1 Bf8 14.Ng3 g6 15.a4 c5
16.d5 c4 17.Be3 Nc5 18.Qd2 Rb8 19.Ra3 Bc8 20.axb5 axb5 21.Rea1 Bb7 22.Qe1 Ra8  1/2-1/2

[Event "Leon"]
[Site "Leon"]
[Date "1991.??.??"]
[Round "?"]
[White "Magem Badals, Jorge"]
[Black "Vladimirov, Evgeny"]
[Result "0-1"]
[WhiteElo "2490"]
[BlackElo "2580"]

1.e4 e5 2.Nf3 Nc6 3.Bb5 a6 4.Ba4 Nf6 5.O-O Be7 6.Re1 b5 7.Bb3 d6 8.c3 O-O
9.h3 Nb8 10.d4 Nbd7 11.Nbd2 Bb7 12.Bc2 Re8 13.a4 Bf8 14.Bd3 c6 15.b3 g6 16.Ba3 Qc7
17.Qc2 Bg7 18.Rab1 Rad8 19.Bf1 d5 20.exd5 Nxd5 21.b4 Qb8 22.Rbc1 Bc8 23.Qb3 Bf8
24.dxe5 Nxe5 25.Nxe5 Rxe5 26.Rxe5 Qxe5 27.Nf3 Qf6 28.c4 bxa4 29.Qxa4 Nf4
30.Qb3 Bg7 31.Re1 Be6 32.Qe3 h6 33.b5 axb5 34.cxb5 cxb5 35.Bxb5 Rb8 36.Ba4 Rc8
37.Bb4 Rc4 38.Rb1 Qf5 39.Nd2 Bd4 40.Qf3 Bd5 41.Qg4 Nxh3+  0-1

[Event "ESP-ch"]
[Site "Lleida"]
[Date "1991.??.??"]
[Round "2"]
[White "Pastor, Pedro"]
[Black "Fernandez Aguado, Enrique"]
[Result "0-1"]
[WhiteElo "2200"]
[BlackElo "2370"]

1.e4 e5 2.Nf3 Nc6 3.Bb5 a6 4.Ba4 Nf6 5.O-O Be7 6.Re1 b5 7.Bb3 d6 8.c3 O-O
9.h3 Nb8 10.d4 Nbd7 11.Nbd2 Bb7 12.Bc2 Re8 13.b3 Bf8 14.d5 c5 15.a4 Nb6 16.Qe2 Qd7
17.Bd3 c4 18.bxc4 Nxa4 19.Ra3 Nh5 20.g3 Nc5 21.Kh2 bxc4 22.Nxc4 Qc7 23.Na5 Bxd5
24.exd5 e4 25.Bb1 exf3 26.Qc2 g6 27.Re3 Rxe3 28.Bxe3 Re8 29.c4 Bg7 30.Nc6 Ne4
31.Nd4 Nexg3 32.fxg3 Bxd4 33.Qc1 Qc5 34.Bxd4 Re2+  0-1

[Event "POL-chT"]
[Site "Mikolajki"]
[Date "1991.??.??"]
[Round "7"]
[White "Bos Swiecik, Iwona"]
[Black "Lukasiewicz, Anna"]
[Result "1/2-1/2"]
[WhiteElo "2245"]
[BlackElo "2115"]

1.e4 e5 2.Nf3 Nc6 3.Bb5 a6 4.Ba4 Nf6 5.O-O Be7 6.Re1 b5 7.Bb3 d6 8.c3 O-O
9.h3 Nb8 10.d3 h6 11.Nbd2 Re8 12.Nf1 Bf8 13.Ne3 g6 14.Nh2 Be6 15.Neg4 Kh7
16.Nxf6+ Qxf6 17.Ng4 Qe7 18.Bxe6 Qxe6 19.Qd2 h5 20.Nh2 Nd7 21.Nf3 Qe7 22.d4 c5
23.dxc5 dxc5 24.b3 Nb6 25.Qe2 Bh6 26.Bxh6 Kxh6 27.Rad1 Kg7 28.Qe3 Qc7 29.Rd2 Rad8
30.Red1 Rxd2 31.Qxd2 Re6 32.Qd8 Qxd8 33.Rxd8 Kf6 34.Kf1 c4 35.Ke2 cxb3 36.axb3 a5
37.Kd2 a4 38.Kc2 Rc6 39.Rb8 b4 40.bxa4 Rxc3+ 41.Kd1 Nxa4 42.Rxb4  1/2-1/2

[Event "FRA-ch Acc"]
[Site "Montpellier"]
[Date "1991.??.??"]
[Round "2"]
[White "Doornbos, Yann"]
[Black "Barrielle, P."]
[Result "1-0"]
[WhiteElo "1920"]
[BlackElo "1900"]

1.e4 e5 2.Nf3 Nc6 3.Bb5 a6 4.Ba4 Nf6 5.O-O Be7 6.Re1 b5 7.Bb3 d6 8.c3 O-O
9.h3 Nb8 10.d4 Nbd7 11.Nbd2 Bb7 12.Bc2 Re8 13.Nf1 Bf8 14.Ng3 g6 15.a4 c5
16.d5 c4 17.Bg5 h6 18.Be3 Nc5 19.Qd2 h5 20.Bg5 Bg7 21.Nh4 Qd7 22.Bh6 Bxh6
23.Qxh6 Nh7 24.Re3 Kh8 25.axb5 axb5 26.Rxa8 Rxa8 27.Ngf5 gxf5 28.Rg3 Rg8
29.exf5 Rxg3 30.f6 Rg6 31.Bxg6 fxg6 32.Nxg6+ Kg8 33.Ne7+ Kf7 34.Qg6+  1-0

[Event "Munich"]
[Site "Munich"]
[Date "1991.??.??"]
[Round "10"]
[White "Kindermann, Stefan"]
[Black "Wahls, Matthias"]
[Result "1/2-1/2"]
[WhiteElo "2515"]
[BlackElo "2560"]

1.e4 e5 2.Nf3 Nc6 3.Bb5 a6 4.Ba4 Nf6 5.O-O Be7 6.Re1 b5 7.Bb3 O-O 8.c3 d6
9.h3 Nb8 10.d4 Nbd7 11.Nbd2 Bb7 12.Bc2 Re8 13.Nf1 Bf8 14.Ng3 g6 15.a4 c5
16.d5 c4 17.Bg5 h6 18.Be3 Nc5 19.Qd2 h5 20.Bg5 Be7 21.Bh6 Bf8 22.Bg5 Be7
23.Bh6 Bf8 24.Bg5  1/2-1/2

[Event "Philadelphia World op"]
[Site "Philadelphia"]
[Date "1991.??.??"]
[Round "7"]
[White "Ivanov, Alexander"]
[Black "Giorgadze, Giorgi"]
[Result "1/2-1/2"]
[WhiteElo "2565"]
[BlackElo "2515"]

1.e4 e5 2.Nf3 Nc6 3.Bb5 a6 4.Ba4 Nf6 5.O-O Be7 6.Re1 b5 7.Bb3 d6 8.c3 O-O
9.h3 Nb8 10.d4 Nbd7 11.Nbd2 Bb7 12.Bc2 Re8 13.Nf1 Bf8 14.Ng3 g6 15.a4 c5
16.d5 c4 17.Bg5 h6 18.Be3 Nc5 19.Qc1 h5 20.Ng5 Bg7 21.axb5 axb5 22.Rxa8 Bxa8
23.Bxc5 dxc5 24.Qe3 Nd7 25.h4 Bb7 26.Ra1 Qb6 27.Qf3 Nf6 28.Nf1 Bh6 29.g3 Bc8
30.Nh2 Bd7 31.Qd1 Ng4 32.Nf1 f6 33.Ne6 Bxe6 34.dxe6 Qxe6 35.Ra5 Rb8 36.Ra7 Bf8
37.f3 Nh6 38.Ne3 Nf7 39.Kg2 Rd8 40.Nd5 f5 41.Qe2 fxe4 42.fxe4 Nh6 43.Qe3 Qd6
44.Bd1 Bg7 45.Bf3 Nf7 46.Rb7 Rb8 47.Rxb8+ Qxb8 48.Qxc5 Bf8 49.Qc6 Bd6 50.Qd7 Kg7
51.Be2 Bc5 52.Qc6 Qa7 53.Kh3 Qa1 54.Qf6+ Kf8 55.Bf1 Qd1 56.Bg2 g5 57.hxg5 Qg4+
58.Kh2 h4 59.gxh4 Qxh4+ 60.Bh3 Qxe4 61.g6 Qxd5 62.gxf7  1/2-1/2

[Event "Rimavska Sobota"]
[Site "Rimavska Sobota"]
[Date "1991.??.??"]
[Round "7"]
[White "Plachetka, Jan"]
[Black "Jansa, Vlastimil"]
[Result "1/2-1/2"]
[WhiteElo "2425"]
[BlackElo "2495"]

1.e4 e5 2.Nf3 Nc6 3.Bb5 a6 4.Ba4 Nf6 5.O-O Be7 6.Re1 b5 7.Bb3 O-O 8.c3 d6
9.h3 Nb8 10.d4 Nbd7 11.Nbd2 Bb7 12.Bc2 Re8 13.Nf1 Bf8 14.Ng3 g6 15.a4 c5
16.d5 c4 17.Be3 Nc5 18.Qd2 Nfd7 19.Ra3 Qc7  1/2-1/2

[Event "Salamanca"]
[Site "Salamanca"]
[Date "1991.??.??"]
[Round "8"]
[White "Oltra Caurin, Ramon"]
[Black "Spassky, Boris V"]
[Result "1/2-1/2"]
[WhiteElo "2440"]
[BlackElo "2560"]

1.e4 e5 2.Nf3 Nc6 3.Bb5 a6 4.Ba4 Nf6 5.O-O Be7 6.Re1 b5 7.Bb3 d6 8.c3 O-O
9.h3 Nb8 10.d4 Nbd7 11.Nbd2 Bb7 12.a4 c5 13.d5 c4 14.Bc2 Nc5 15.Nf1 Re8 16.Ng3 g6
17.a5 Bf8 18.Be3 h5 19.Qd2 Nh7 20.Ra3 Rc8 21.Nf1 Rc7 22.Qe2 Bc8 23.N1d2 Bg7
24.Nh2 Bd7 25.b3 cxb3 26.Bxb3 f5 27.exf5 gxf5 28.Ba2 h4 29.Rb1 e4 30.c4 Qf6
31.cxb5 axb5 32.a6 Ra8 33.f3 Na4 34.Rxa4 bxa4 35.a7 Rcxa7 36.Bxa7 Rxa7 37.fxe4 Rc7
38.Nhf3 Rc2 39.Bc4 Ng5 40.e5 dxe5 41.Qd3 Nxf3+  1/2-1/2

[Event "UKR-chT"]
[Site "Simferopol"]
[Date "1991.??.??"]
[Round "?"]
[White "Izhnin, A."]
[Black "Neverov, Valeriy"]
[Result "0-1"]
[WhiteElo "2350"]
[BlackElo "2505"]

1.e4 e5 2.Nf3 Nc6 3.Bb5 a6 4.Ba4 Nf6 5.O-O Be7 6.Re1 b5 7.Bb3 d6 8.c3 O-O
9.h3 Nb8 10.d4 Nbd7 11.Bg5 Bb7 12.Nbd2 h6 13.Bh4 Re8 14.Re3 c5 15.Qe2 cxd4
16.cxd4 Qb6 17.dxe5 dxe5 18.Bg3 Bd6 19.Nh4 Nc5 20.Nf5 Nxb3 21.Rxb3 Bf8 22.a4 g6
23.Ne3 Nxe4 24.Nxe4 Bxe4 25.axb5 Qe6 26.Rc3 axb5 27.Rxa8 Bxa8 28.Qxb5 f5
29.f4 exf4 30.Bxf4 Bg7 31.Ra3 Bd4 32.Kh2 Qe4 33.Bxh6 Kh7 34.Rxa8 Rxa8 35.Bg5 Be5+
36.Kg1 Ra1+ 37.Kf2 f4 38.Qd7+ Bg7 39.Ng4 Qe1+ 40.Kf3 Qf1+ 41.Nf2 Qa6 42.Bxf4 Qa8+
43.Kg3 Rg1 44.Ng4 Qxg2+ 45.Kh4 Qxb2 46.Bg5 Qb8 47.Bf4 Qb2 48.Bg5 Rf1 49.Qa7 Qb4
50.Qe3 Rf7 51.Kg3 Bd4 52.Qe4  0-1

[Event "Belavenets mem op"]
[Site "Smolensk"]
[Date "1991.??.??"]
[Round "?"]
[White "Frolov, Artur"]
[Black "Arbakov, Valentin"]
[Result "1-0"]
[WhiteElo "2470"]
[BlackElo "2450"]

1.e4 e5 2.Nf3 Nc6 3.Bb5 a6 4.Ba4 Nf6 5.O-O Be7 6.Re1 b5 7.Bb3 d6 8.c3 O-O
9.h3 Nb8 10.d4 Nbd7 11.Nbd2 Bb7 12.Bc2 Re8 13.a4 Bf8 14.b4 Nb6 15.a5 Nbd7
16.Bb2 Rc8 17.Qb1 g6 18.Bb3 Bh6 19.Qa2 Qe7 20.Rad1 Qf8 21.d5 Nh5 22.c4 Nf4
23.Nf1 c6 24.Ne3 cxd5 25.cxd5 Nf6 26.Ng4 Bg7 27.Qb1 Qe7 28.Ngxe5 dxe5 29.d6 Qd8
30.Bxe5 N4h5 31.Bxf6 Nxf6 32.Ng5 Rf8 33.Qa2 Rc4 34.Bxc4 bxc4 35.Qxc4 Nh5
36.Nf3 Nf4 37.d7 Ne6 38.Nh2 Qa8 39.Ng4 Rd8 40.Rd6 h5 41.Ne3 Kh7 42.Red1 Kh8
43.Nd5 Be5 44.Rxe6 fxe6 45.Ne7 Bxe4 46.Qxe6 Bg7 47.Nxg6+ Kh7 48.Nf4 Qc6 49.Qe7  1-0

[Event "FIN-ch"]
[Site "Tampere"]
[Date "1991.??.??"]
[Round "1"]
[White "Haapasalo, Jukka Pekka"]
[Black "Lindstedt, Johan"]
[Result "1/2-1/2"]
[WhiteElo "2240"]
[BlackElo "2345"]

1.e4 e5 2.Nf3 Nc6 3.Bb5 a6 4.Ba4 Nf6 5.O-O Be7 6.Re1 b5 7.Bb3 O-O 8.c3 d6
9.h3 Nb8 10.d4 Nbd7 11.Nbd2 Bb7 12.Bc2 Re8 13.Nf1 Bf8 14.Ng3 g6 15.a4 c5
16.d5 c4 17.Bg5 h6 18.Be3 Nc5 19.Qc1 h5 20.Ng5 Bh6 21.Bxc5 dxc5 22.Nxf7 Bxc1
23.Nxd8 Bxb2 24.Nxb7 Bxc3 25.Ne2  1/2-1/2

[Event "Tel Aviv"]
[Site "Tel Aviv"]
[Date "1991.??.??"]
[Round "7"]
[White "Gruenfeld, Yehuda"]
[Black "Lev, Ronen"]
[Result "1-0"]
[WhiteElo "2505"]
[BlackElo "2420"]

1.e4 e5 2.Nf3 Nc6 3.Bb5 a6 4.Ba4 Nf6 5.O-O Be7 6.Re1 b5 7.Bb3 d6 8.c3 O-O
9.h3 Nb8 10.d4 Nbd7 11.Nbd2 Bb7 12.Bc2 Re8 13.a4 c5 14.d5 c4 15.Nf1 Nc5 16.Ng3 g6
17.Bh6 Bf8 18.Qd2 Bxh6 19.Qxh6 Qe7 20.Nh2 Qf8 21.Qh4 Qg7 22.Ng4 Ncd7 23.Nh6+ Kh8
24.Re3 Ng8 25.Ngf5 gxf5 26.Rg3 Qxh6 27.Rxg8+ Rxg8 28.Qxh6 Rg6 29.Qh4 Rag8
30.g3 f4 31.g4 Re8 32.axb5 axb5 33.Ra5 Nc5 34.Rxb5 Kg7 35.Rxc5 dxc5 36.Ba4 Ra8
37.Qe7 Rxa4 38.Qxe5+ Kh6 39.Qxf4+ Kg7 40.Qe5+ Kh6 41.f4 Ra1+ 42.Kh2 Bc8 43.f5 Rb6
44.Qf4+  1-0

[Event "Vienna"]
[Site "Vienna"]
[Date "1991.??.??"]
[Round "6"]
[White "Kindermann, Stefan"]
[Black "Mokry, Karel"]
[Result "1-0"]
[WhiteElo "2500"]
[BlackElo "2525"]

1.e4 e5 2.Nf3 Nc6 3.Bb5 a6 4.Ba4 Nf6 5.O-O Be7 6.Re1 b5 7.Bb3 d6 8.c3 O-O
9.h3 Nb8 10.d4 Nbd7 11.Nbd2 Bb7 12.Bc2 Re8 13.a4 Bf8 14.Bd3 c6 15.Qc2 g6
16.b3 Qc7 17.Bb2 Nh5 18.Bf1 Nf4 19.c4 bxa4 20.Rxa4 Ne6 21.c5 Nxd4 22.Nxd4 exd4
23.cxd6 Bxd6 24.Bxd4 c5 25.Bb2 Bh2+ 26.Kh1 Be5 27.f3 Bxb2 28.Qxb2 Qg3 29.Raa1 Ne5
30.Nc4 Rad8 31.Nxe5 Rxe5 32.Red1 Ree8 33.Qf6 Qc7 34.Bxa6 Bxa6 35.Qxa6 Rd4
36.Rac1 Qd7 37.Rxd4 cxd4 38.Qd3 Rd8 39.b4 h5 40.b5 h4 41.f4 Qd6 42.e5 Qe6
43.Kg1 Kg7 44.Rc6 Qd5 45.Rc1 Ra8 46.Re1 Ra2 47.Qe4 Qxe4 48.Rxe4 d3 49.Rd4 d2
50.Kf1 Rb2 51.Ke2 Rxb5 52.Rxd2 Kf8 53.Kf3 Kg7 54.Kg4 Rb4 55.Rf2 Kh6 56.Kxh4 g5+
57.Kg4 Kg6 58.g3 gxf4 59.gxf4 f6 60.Re2 fxe5 61.Rxe5 Rb6 62.Rg5+ Kf6 63.Rh5 Rb1
64.Rh6+ Kg7 65.Re6 Rb5 66.h4 Kf7 67.Ra6 Rc5 68.h5 Kg7 69.Rg6+ Kf7 70.Rg5 Rc1
71.h6 Ra1 72.Rh5 Kg8 73.Re5 Kh7 74.Re6 Ra5 75.f5 Ra1 76.Kg5 Rg1+ 77.Kf6 Kxh6
78.Ke7+ Kh7 79.f6 Rf1 80.Re2 Ra1  1-0

[Event "Altensteig"]
[Site "Altensteig"]
[Date "1992.??.??"]
[Round "11"]
[White "Kindermann, Stefan"]
[Black "Gabriel, Christian"]
[Result "1-0"]
[WhiteElo "2505"]
[BlackElo "2490"]

1.e4 e5 2.Nf3 Nc6 3.Bb5 a6 4.Ba4 Nf6 5.O-O Be7 6.Re1 b5 7.Bb3 O-O 8.c3 d6
9.h3 Nb8 10.d4 Nbd7 11.Nbd2 Bb7 12.Bc2 Re8 13.a4 Bf8 14.Bd3 c6 15.b3 g6 16.Bb2 Bg7
17.Bf1 Qb6 18.Qc2 Rac8 19.Rad1 Nh5 20.b4 c5 21.bxc5 dxc5 22.d5 c4 23.Ba3 Ng3
24.Rb1 Nxf1 25.Rxf1 f5 26.axb5 axb5 27.exf5 Bxd5 28.fxg6 hxg6 29.Ne4 Ra8
30.Bb4 Qc6 31.Rfe1 Rad8 32.Nfg5 Nf6 33.Nxf6+ Qxf6 34.Ne4 Qc6 35.f3 Be6 36.Qf2 Bf5
37.Qh4 Rd7 38.Rbd1 Qb6+ 39.Kh2 Red8 40.Ra1 Qc6 41.Ra2 Qb6 42.Ba5 Qa7 43.Ng5 Bh8
44.Bxd8 Qxa2 45.Rd1 Qa7 46.Be7  1-0

[Event "Balatonbereny op"]
[Site "Balatonbereny"]
[Date "1992.??.??"]
[Round "9"]
[White "Leko, Peter"]
[Black "Wells, Peter K"]
[Result "1/2-1/2"]
[WhiteElo "2460"]
[BlackElo "2455"]

1.e4 e5 2.Nf3 Nc6 3.Bb5 a6 4.Ba4 Nf6 5.O-O Be7 6.Re1 b5 7.Bb3 d6 8.c3 O-O
9.h3 Nb8 10.d4 Nbd7 11.Nbd2 Bb7 12.Bc2 Re8 13.Nf1 Bf8 14.Ng3 g6 15.a4 c5
16.d5 c4 17.Bg5 h6 18.Be3 Nc5 19.Qd2 h5 20.Bg5 Be7 21.Bh6 Nh7 22.Ra3 Rb8
23.axb5  1/2-1/2

[Event "St Stefan/Belgrade m"]
[Site "Belgrade"]
[Date "1992.??.??"]
[Round "29"]
[White "Fischer, Robert James"]
[Black "Spassky, Boris V"]
[Result "1/2-1/2"]
[WhiteElo "2785"]
[BlackElo "2560"]

1.e4 e5 2.Nf3 Nc6 3.Bb5 a6 4.Ba4 Nf6 5.O-O Be7 6.Re1 b5 7.Bb3 d6 8.c3 O-O
9.h3 Nb8 10.d4 Nbd7 11.c4 c6 12.cxb5 axb5 13.Nc3 Bb7 14.Bg5 b4 15.Nb1 h6
16.Bh4 c5 17.dxe5 Nxe4 18.Bxe7 Qxe7 19.exd6 Qf6 20.Nbd2 Nxd6 21.Nc4 Nxc4
22.Bxc4 Nb6 23.Ne5 Rae8 24.Bxf7+ Rxf7 25.Nxf7 Rxe1+ 26.Qxe1 Kxf7 27.Qe3 Qg5
28.Qxg5 hxg5 29.b3 Ke6 30.a3 Kd6 31.axb4 cxb4 32.Ra5 Nd5 33.f3 Bc8 34.Kf2 Bf5
35.Ra7 g6 36.Ra6+ Kc5 37.Ke1 Nf4 38.g3 Nxh3 39.Kd2 Kb5 40.Rd6 Kc5 41.Ra6 Nf2
42.g4 Bd3 43.Re6 Kd5 44.Rb6 Kc5 45.Re6  1/2-1/2

[Event "CSR-ch (Women)"]
[Site "CSR"]
[Date "1992.??.??"]
[Round "8"]
[White "Kisova, Petra"]
[Black "Holoubkova, Martina"]
[Result "1/2-1/2"]
[WhiteElo "2140"]
[BlackElo "2045"]

1.e4 e5 2.Nf3 Nc6 3.Bb5 a6 4.Ba4 Nf6 5.O-O Be7 6.Re1 b5 7.Bb3 O-O 8.c3 d6
9.h3 Nb8 10.d4 Nbd7 11.Nbd2 Bb7 12.Bc2 Re8 13.Nf1 Bf8 14.Ng3 g6 15.a4 c5
16.d5 c4 17.Bg5 h6 18.Be3 Nc5 19.Nh2 h5 20.Nf3 Nh7 21.Qd2 Qc7 22.Ra3 Rab8
23.Rea1 Bc8 24.axb5 axb5 25.Ng5 Nf6 26.Kh1 Bg7 27.Rf1 h4 28.Ne2 Nh5 29.Nf3 Bf6
30.Kh2 Rb7 31.g4 hxg3+ 32.fxg3 Ra7 33.Rxa7 Qxa7 34.g4 Ng7 35.Ng5 Bxg5 36.Bxg5 Rf8
37.Ng3 Kh7 38.Qf2 Qd7 39.Ne2 f5 40.gxf5 gxf5 41.exf5 Nxf5 42.Ng3 Nd3 43.Bxd3 cxd3
44.Ne4 Ng3 45.Qxg3 Rxf1 46.Qh4+ Kg8 47.Nf6+ Rxf6 48.Bxf6 Qxh3+ 49.Qxh3 Bxh3
50.Bg5 Bf5 51.Kg3 Be4 52.Kf2 Bxd5 53.Ke3 Bc4 54.Be7 d5 55.Bf6 e4 56.b4 Kf8  1/2-1/2

[Event "EU-chT (Men)"]
[Site "Debrecen"]
[Date "1992.??.??"]
[Round "1"]
[White "Dimitrov, Vladimir"]
[Black "Gullaksen, Eirik T"]
[Result "1-0"]
[WhiteElo "2405"]
[BlackElo "2260"]

1.e4 e5 2.Nf3 Nc6 3.Bb5 a6 4.Ba4 Nf6 5.O-O Be7 6.Re1 b5 7.Bb3 d6 8.c3 O-O
9.h3 Nb8 10.d4 Nbd7 11.Nbd2 Bb7 12.Bc2 Re8 13.Nf1 Bf8 14.Ng3 g6 15.a4 c5
16.d5 c4 17.Bg5 h6 18.Be3 Nc5 19.Qd2 h5 20.Bg5 Be7 21.Ra3 Rb8 22.axb5 axb5
23.Be3 Bf8 24.Qe2 Bc8 25.Nd2 Bd7 26.Rea1 Qc8 27.Ra7 Rb7 28.Qf1 Rxa7 29.Rxa7 Qb8
30.Qa1 Be7 31.b4 cxb3 32.Nxb3 Na4 33.Na5 Qc8 34.c4 Nc5 35.cxb5 Bxb5 36.Qb1 Bd7
37.Nc4 h4 38.Nf1 Bxh3 39.gxh3 Qxh3 40.Ncd2 Qg4+ 41.Kh2 h3 42.Ng3 Qh4 43.Bd1 Bf8
44.Kh1 Ng4 45.Bxg4 Qxg4 46.Kh2 Be7 47.Qb5 Qc8 48.Nf3 Bf8 49.Bxc5 dxc5 50.Qb7 Qxb7
51.Rxb7 Rc8 52.Nxe5 c4 53.Nc6 c3 54.Rb3 Bg7 55.Ne7+ Kf8 56.Nxc8  1-0

[Event "EU-chT (Women)"]
[Site "Debrecen"]
[Date "1992.??.??"]
[Round "1"]
[White "Dabrowska, Krystyna"]
[Black "Koskela, Niina"]
[Result "1/2-1/2"]
[WhiteElo "2250"]
[BlackElo "2100"]

1.e4 e5 2.Nf3 Nc6 3.Bb5 a6 4.Ba4 Nf6 5.O-O Be7 6.Re1 b5 7.Bb3 d6 8.c3 O-O
9.h3 Nb8 10.d4 Nbd7 11.Nbd2 Bb7 12.Bc2 Re8 13.Nf1 Bf8 14.Ng3 g6 15.a4 c6
16.Bd3 Qc7 17.Be3 Bg7 18.Nd2 d5 19.dxe5 Nxe5 20.Bf1 Ned7 21.axb5 cxb5 22.exd5 Nxd5
23.Bd4 Ne5 24.Nge4 Nf4 25.Nc5 Rad8 26.Nxb7 Qxb7 27.Qc2 Nd7 28.Bxg7 Kxg7 29.g3 Rxe1
30.Rxe1 Ne6 31.Bg2 Qb6 32.Nf3 a5 33.Qe4 Nf6 34.Qe2 b4 35.cxb4 Qxb4 36.Rc1 Nd4
37.Nxd4 Rxd4 38.Rc2 a4  1/2-1/2

[Event "EU-chT (Men)"]
[Site "Debrecen"]
[Date "1992.??.??"]
[Round "5"]
[White "Hellers, Ferdinand"]
[Black "Giorgadze, Giorgi"]
[Result "1/2-1/2"]
[WhiteElo "2510"]
[BlackElo "2525"]

1.e4 e5 2.Nf3 Nc6 3.Bb5 a6 4.Ba4 Nf6 5.O-O Be7 6.Re1 b5 7.Bb3 O-O 8.c3 d6
9.h3 Nb8 10.d4 Nbd7 11.Nbd2 Bb7 12.Bc2 Re8 13.a4 Bf8 14.Bd3 c6 15.Nf1 g6
16.Ng3 Bg7 17.Bg5 h6 18.Bd2 Qe7 19.Qc2 Qf8 20.Rad1 Rac8 21.Bc1 Rc7 22.b3 d5
23.Nxe5 Nxe5 24.dxe5 Nxe4 25.Nxe4 dxe4 26.Rxe4 c5 27.Ree1 c4 28.Bf1 Rxe5
29.axb5 Rxe1 30.Rxe1 cxb3  1/2-1/2

[Event "EU-chT (Men)"]
[Site "Debrecen"]
[Date "1992.??.??"]
[Round "6"]
[White "Magem Badals, Jorge"]
[Black "Sturua, Zurab"]
[Result "1/2-1/2"]
[WhiteElo "2515"]
[BlackElo "2545"]

1.e4 e5 2.Nf3 Nc6 3.Bb5 a6 4.Ba4 Nf6 5.O-O Be7 6.Re1 b5 7.Bb3 d6 8.c3 O-O
9.h3 Nb8 10.d4 Nbd7 11.Nbd2 Bb7 12.Bc2 Re8 13.a4 Bf8 14.Bd3 c6 15.b3 g6 16.Bb2 Nh5
17.Qc2 Nf4 18.Bf1 Ne6 19.b4 Rc8 20.dxe5 dxe5 21.Qb3 Qe7 22.Ba3 Nb6 23.axb5 cxb5
24.c4 Nc7 25.c5 Nd7 26.Bb2 Ne6 27.Qc2 Nd8 28.Nb3 Nc6 29.Bc3 Rcd8 30.Rad1  1/2-1/2

[Event "EU-chT (Men)"]
[Site "Debrecen"]
[Date "1992.??.??"]
[Round "7"]
[White "Sax, Gyula"]
[Black "Hjartarson, Johann"]
[Result "1/2-1/2"]
[WhiteElo "2600"]
[BlackElo "2580"]

1.e4 e5 2.Nf3 Nc6 3.Bb5 a6 4.Ba4 Nf6 5.O-O Be7 6.Re1 b5 7.Bb3 d6 8.c3 O-O
9.h3 Nb8 10.d4 Nbd7 11.Nbd2 Bb7 12.Bc2 Re8 13.a4 Bf8 14.Bd3 c6 15.b3 g6 16.Bb2 exd4
17.cxd4 d5 18.e5 Nh5 19.g3 Ng7 20.Nf1 Ne6 21.Qd2 bxa4 22.bxa4 c5 23.N1h2 h5
24.g4 h4 25.g5 Be7 26.Bc1 cxd4 27.Ng4 Ndc5 28.Nf6+ Kg7 29.Rb1 Rh8 30.Bb2 Bc6
31.Nxd4 Bxa4 32.Bf1 Rc8 33.Bg2 Nb3 34.Qd1 Nbxd4 35.Qxa4 Rc4 36.Qd1 Bc5 37.Bxd5 Rb4
38.Qc1 Qa5 39.Kh1 Rhb8 40.Bc3 Rxb1 41.Bxa5 Rxc1 42.Rxc1 Rb5 43.Bd2 Nb3 44.Bxb3 Rxb3
45.Rc4 Rxh3+ 46.Kg2 Rd3 47.Rxh4 Nf8 48.Ba5 Rd4 49.Rh3 Rf4 50.Ne8+ Kg8 51.Nf6+ Kg7
52.Ne8+ Kg8 53.Nf6+ Kg7 54.Ne8+ Kg8 55.Nf6+  1/2-1/2

[Event "Elenite"]
[Site "Elenite"]
[Date "1992.??.??"]
[Round "5"]
[White "Sax, Gyula"]
[Black "Dorfman, Josif D"]
[Result "1/2-1/2"]
[WhiteElo "2565"]
[BlackElo "2610"]

1.e4 e5 2.Nf3 Nc6 3.Bb5 a6 4.Ba4 Nf6 5.O-O Be7 6.Re1 b5 7.Bb3 d6 8.c3 O-O
9.h3 Nb8 10.d4 Nbd7 11.Nbd2 Bb7 12.Bc2 Re8 13.Nf1 Bf8 14.Ng3 g6 15.Bg5 h6
16.Bd2 exd4 17.cxd4 c5 18.Qc1 Kh7 19.d5 a5 20.a4 b4  1/2-1/2

[Event "Bundesliga 9192"]
[Site "Germany"]
[Date "1992.??.??"]
[Round "?"]
[White "Rosenthal, Dirk"]
[Black "Nagatz, Frank"]
[Result "1/2-1/2"]
[WhiteElo "2350"]
[BlackElo "2255"]

1.e4 e5 2.Nf3 Nc6 3.Bb5 a6 4.Ba4 Nf6 5.O-O Be7 6.Re1 b5 7.Bb3 d6 8.c3 O-O
9.h3 Nb8 10.d4 Nbd7 11.c4 c6 12.Nbd2 Qc7 13.Bc2 Qa7 14.c5 Re8 15.Nf1 Qc7
16.cxd6 Bxd6 17.Bg5 exd4 18.Qxd4 Ne5 19.Nh4 c5 20.Qd1 Ng6 21.Ne3 Be5 22.Nd5 Nxd5
23.exd5 Bb7 24.Be4 Nxh4 25.Bxh4 Qd6  1/2-1/2

[Event "Graz"]
[Site "Graz"]
[Date "1992.??.??"]
[Round "4"]
[White "Rogulj, Branko"]
[Black "Marangunic, Srdjan"]
[Result "1/2-1/2"]
[WhiteElo "2445"]
[BlackElo "2455"]

1.e4 e5 2.Nf3 Nc6 3.Bb5 a6 4.Ba4 Nf6 5.O-O Be7 6.Re1 b5 7.Bb3 O-O 8.c3 d6
9.h3 Nb8 10.d4 Nbd7 11.Nbd2 Bb7 12.a4 c5 13.d5 c4 14.Bc2 Nc5 15.Nf1 Nfd7
16.Ng3 g6 17.Bh6 Re8 18.Qd2 Bf8 19.Bg5 Be7 20.Bh6 Bf8 21.Bg5  1/2-1/2